000 01438cam a22003377a 4500
003 CHAP
005 20220817041217.0
008 971013s1989 r 00010 d
010 _a8775
011 _a9747
035 _a8982
040 _cCHAP
082 _a338.9
_bM22 1990-94
110 _aMéxico. Secretaría de Agricultura y Recursos Hidráulicos. Dirección General de Política Sectorial
_977135
245 1 3 _aEl proceso de planeación sectorial 1990-1994
260 _aMéxico, D. F. :
_bLa secretaría,
_c1989
300 _a32 p.
_e+ 4 anexos
505 _aContenido: Anexo 1 Programas estatales de modernización del campo. Formatos-- Anexo 2 Programas distritales de modernización del campo-- Anexo 3 Programas operativos anuales ampliados estatales y distritales-- Anexo 4 Manual para la captura y sistemat
590 _aBATCH-UPD
_b10
_c20130110
_lUCH01
_h1234
590 _aBATCH-UPD
_b10
_c20130410
_lUCH01
_h0803
590 _aBATCH-UPD
_b10
_c20130914
_lUCH01
_h0317
590 _aCONVERSION
_b10
_c20130109
_lUCH01
_h1306
650 1 4 _aAgricultura y Estado
_xMéxico.
_92054
650 1 4 _aPolítica agrícola
_zMéxico.
650 1 4 _aPolítica forestal
_zMéxico.
_990610
650 1 4 _aPolítica ganadera
_zMéxico.
901 _aBK
942 _cLIBRO
949 _a338.9 M22 1990-94
_bBC
_cC
_d33724000554028
_eC
_fanexo 1-4
_h84517
_i8982
_mD
_si
949 _a338.9 M22 1990-94
_bBC
_cC
_d33724000554812
_eC
_h84516
_i8982
_mD
_si
999 _c8775
_d8775